| 000 | 01133cam a2200241 4500 | ||
|---|---|---|---|
| 001 | WB3705-08 | ||
| 008 | 000000n2001 000 0 eng u | ||
| 035 | _a(Sirsi) u110727 | ||
| 245 | _aEnglish Heritage sets up Fire Research Database | ||
| 260 | _c2001 | ||
| 490 |
_aEnglish Heritage Press Release _v31 January 2001, (3) |
||
| 520 | _aOn behalf of the Historic Buildings Fire Research Co-ordinating Committee, English Heritage has set up the Historic Buildings Fire Research Database (FreD) to provide a source of expertise for all owners of historic buildings in Britain. Information provided on the database includes guidance on how to improve the fire resistance of old and ill-fitting doors. FReD can be viewed at: 'www.english-heritage.org.uk' | ||
| 590 | _aWB | ||
| 650 | _aHISTORIC BUILDINGS | ||
| 650 | _aLISTED BUILDINGS | ||
| 650 | _aFIRE PREVENTION | ||
| 650 | _aFIRE PROTECTION | ||
| 650 | _aFIRE RESEARCH | ||
| 650 | _aENGLISH HERITAGE | ||
| 650 | _aHISTORIC BUILDINGS FIRE RESEARCH DATABASE | ||
| 690 | _aBUILT ENVIRONMENT-BUILDING MAINTENANCE AND REFURBISHMENT-BUILDING CONSERVATION | ||
| 942 | _n0 | ||
| 999 |
_c65995 _d65995 |
||